Statistics for Star Wars Holiday Special

Click here to take the quiz!

General Stats

  • This quiz has been taken 5 times
  • The average score is 5 of 12

Answer Stats

Hint Answer % Correct
Which famous Star Wars universe bounty hunter made his on-screen debut in this special?Boba Fett
75%
The name of Chewbacca's home planet?Kashyyyk
50%
The name of Chewbacca's wife?Malla
50%
What holiday/celebration were Han and Chewy trying to get to on Chewy's home planet?Life Day
50%
Which network was the program originally broadcast on in the USA?CBS
50%
Which famous actress played the part of Ackmena (the bartender in the cantina)?Bea Arthur
50%
Which actor played the role of trader Saun Dann?Art Carney
50%
The name of Chewbacca's son?Lumpy
25%
The name of Chewbacca's father?Itchy
25%
Which famous actor played several roles in the show including: Gormaanda, Dromboid & Krelman?Harvey Korman
25%
Which band appeared as a holograph in the special?Jefferson Starship
25%
What are Luke, Leia, Han and Chewbacca searching for on the planet Panna (the cartoon segment)?Talisman
25%

Score Distribution

Percentile by Number Answered

Percent of People with Each Score

Your Score History

You have not taken this quiz